[Event "Madrid-ch sf"]
[Site "Madrid"]
[Date "2022.05.10"]
[Round "7"]
[White "Bello Burguet, Glenier Lazaro"]
[Black "Vaquerizo Calvo, Miguel Arturo"]
[Result "1/2-1/2"]
[WhiteElo "1993"]
[BlackElo "2057"]
[PlyCount "151"]
[EventDate "2022.05.04"]
[EventType "swiss"]
[EventRounds "9"]
[EventCountry "ESP"]
[SourceTitle "EXT 2023"]
[Source "ChessBase"]
[SourceDate "2022.10.05"]
[SourceVersion "1"]
[SourceVersionDate "2022.10.05"]
[SourceQuality "1"]

1. c4 Nf6 2. Nf3 g6 3. b3 Bg7 4. Bb2 0-0 5. g3 d6 6. Bg2 e5 7. 0-0 Nc6 8. d4 Nd7 9. e3 a5 10. Nc3 exd4 11. exd4 Nb6 12. d5 Ne5 13. Nxe5 Bxe5 14. Qd2 a4 15. Nb5 Bxb2 16. Qxb2 Bd7 17. Nd4 Qf6 18. Qd2 axb3 19. axb3 Rfe8 20. h4 h5 21. Rfd1 Bg4 22. Rxa8 Rxa8 23. Re1 Nd7 24. Qe3 Nc5 25. Nb5 Na6 26. f3 Bd7 27. Qe7 Qxe7 28. Rxe7 Rd8 29. Nd4 Nc5 30. Bf1 Re8 31. Rxe8+ Bxe8 32. Kf2 Kg7 33. Ke3 Kf6 34. Kd2 Bd7 35. Kc3 Ke5 36. b4 Na4+ 37. Kd3 Nb2+ 38. Ke3 Nd1+ 39. Kd3 Nb2+ 40. Ke3 Nd1+ 41. Kd3 Bf5+ 42. Nxf5 gxf5 43. f4+ Kf6 44. Be2 Nf2+ 45. Kd4 Kg6 46. c5 Ne4 47. Bf3 Nxg3 48. b5 dxc5+ 49. Kxc5 Ne4+ 50. Bxe4 fxe4 51. b6 cxb6+ 52. Kxb6 e3 53. d6 e2 54. d7 e1Q 55. d8Q Qb4+ 56. Ka7 Qxf4 57. Qg8+ Kf6 58. Qh8+ Ke7 59. Qxh5 Qd4+ 60. Kxb7 Qb4+ 61. Kc6 Qa4+ 62. Kb6 Qb4+ 63. Kc6 Qd6+ 64. Kb5 Qd3+ 65. Kb4 Kd6 66. Qg5 Ke6 67. h5 Qd4+ 68. Kb3 Qd3+ 69. Kb2 Qe2+ 70. Kb1 Qf1+ 71. Kc2 Qf5+ 72. Qxf5+ Kxf5 73. Kd3 Kg5 74. Ke4 f5+ 75. Ke5 Kxh5 76. Kxf5 1/2-1/2

[Event "Madrid-ch sf"]
[Site "Madrid"]
[Date "2022.05.05"]
[Round "2"]
[White "Vaquerizo Calvo, Miguel Arturo"]
[Black "Pindado Campos, Raul"]
[Result "0-1"]
[WhiteElo "2057"]
[BlackElo "2073"]
[PlyCount "57"]
[EventDate "2022.05.04"]
[EventType "swiss"]
[EventRounds "9"]
[EventCountry "ESP"]
[SourceTitle "EXT 2023"]
[Source "ChessBase"]
[SourceDate "2022.10.05"]
[SourceVersion "1"]
[SourceVersionDate "2022.10.05"]
[SourceQuality "1"]

1. e4 c5 2. Nf3 e6 3. d4 cxd4 4. Nxd4 Nc6 5. Nc3 a6 6. Qd3 Nxd4 7. Qxd4 b5 8. g3 Bb7 9. Bg2 Rc8 10. 0-0 Ne7 11. Bg5 h6 12. Bf4 Nc6 13. Qd2 Na5 14. a4 Nc4 15. Qd4 e5 16. Bxe5 Bc5 17. Qd1 Nxe5 18. axb5 axb5 19. Nxb5 Qb6 20. Nc3 Qxb2 21. Na4 Qd4 22. Qh5 g6 23. Qh4 Be7 24. Qh3 Rxc2 25. Rab1 Ba6 26. Rb8+ Rc8 27. Rxc8+ Bxc8 28. Rc1 0-0 29. Nc3 0-1

[Event "Tres Cantos op 11th"]
[Site "Tres Cantos"]
[Date "2019.06.29"]
[Round "8"]
[White "Martin Arbeloa, Fernando"]
[Black "Vaquerizo Calvo, Miguel Arturo"]
[Result "1-0"]
[WhiteElo "1920"]
[BlackElo "1969"]
[PlyCount "81"]
[EventDate "2019.06.22"]
[EventType "swiss"]
[EventRounds "9"]
[EventCountry "ESP"]
[SourceTitle "CBM 195 Extra"]
[Source "ChessBase"]
[SourceDate "2020.05.31"]
[SourceVersion "1"]
[SourceVersionDate "2020.05.31"]
[SourceQuality "1"]

1. d4 Nf6 2. c4 c5 3. d5 e6 4. Nc3 exd5 5. cxd5 d6 6. e4 g6 7. f4 Bg7 8. Bb5+ Nfd7 9. Nf3 0-0 10. 0-0 a6 11. Bd3 b5 12. Kh1 Re8 13. a3 Nf6 14. e5 dxe5 15. fxe5 Ng4 16. Bg5 f6 17. exf6 Bxf6 18. Qd2 Nd7 19. Qf4 c4 20. Be4 Nc5 21. h3 Bxg5 22. Nxg5 Ne5 23. d6 Nxe4 24. Qxe4 Bf5 25. Qd5+ Kg7 26. Rxf5 gxf5 27. Ne6+ Rxe6 28. Qxe6 Qf6 29. Qd5 Rd8 30. Re1 Ng6 31. Re6 Qf7 32. Qd4+ Kg8 33. Rf6 Qg7 34. Qd5+ Kh8 35. Qxf5 Nh4 36. Qf2 Rg8 37. Rf7 Qxg2+ 38. Qxg2 Rxg2 39. d7 Rg8 40. Ne4 Ng6 41. Nf6 1-0

[Event "Tres Cantos op 11th"]
[Site "Tres Cantos"]
[Date "2019.06.26"]
[Round "5"]
[White "Espinosa Aranda, Angel"]
[Black "Vaquerizo Calvo, Miguel Arturo"]
[Result "1-0"]
[WhiteElo "2483"]
[BlackElo "1969"]
[PlyCount "127"]
[EventDate "2019.06.22"]
[EventType "swiss"]
[EventRounds "9"]
[EventCountry "ESP"]
[SourceTitle "CBM 195 Extra"]
[Source "ChessBase"]
[SourceDate "2020.05.31"]
[SourceVersion "1"]
[SourceVersionDate "2020.05.31"]
[SourceQuality "1"]

1. Nf3 Nc6 2. c4 e5 3. Nc3 f5 4. d4 e4 5. Ng5 Be7 6. Nh3 Nf6 7. Nf4 0-0 8. e3 Kh8 9. h4 Bd6 10. Nh3 Bb4 11. Bd2 Bxc3 12. Bxc3 d5 13. Nf4 a5 14. h5 Ne7 15. Rc1 c6 16. Qb3 Qe8 17. c5 g5 18. hxg6 Nxg6 19. Bd2 a4 20. Qc3 Be6 21. Be2 Bf7 22. Nh3 Kg7 23. Kd1 Ne7 24. Kc2 Bg6 25. Kb1 Qd7 26. Qa3 Rfb8 27. Bb4 Ra7 28. Nf4 Bf7 29. Qc3 Qc7 30. a3 Ng6 31. Nh5+ Nxh5 32. Rxh5 Ne7 33. Rh4 Bg6 34. Rch1 Rh8 35. Ka1 Raa8 36. Qc1 Ng8 37. g4 fxg4 38. Rxg4 Nf6 39. Rf4 Rhf8 40. Qg1 Kg8 41. Qg3 Qg7 42. Rg1 Rf7 43. Qh4 Raf8 44. Bd1 Ra8 45. Be1 Ne8 46. Bh5 Rxf4 47. Qxf4 Qf6 48. Bxg6 hxg6 49. Qh6 Kf7 50. Rg4 Ng7 51. Qh7 g5 52. Ka2 Qg6 53. Qh2 Rc8 54. Ba5 Qf5 55. Rg3 Ne6 56. Rh3 Rg8 57. Bc7 Nxc7 58. Qxc7+ Kg6 59. Qh7+ Kf6 60. Rh6+ Rg6 61. Qh8+ Kf7 62. Rh7+ Ke6 63. Qe8+ Kf6 64. Qe7# 1-0

[Event "Tres Cantos op 11th"]
[Site "Tres Cantos"]
[Date "2019.06.24"]
[Round "3"]
[White "Vaquerizo Calvo, Miguel Arturo"]
[Black "Gimenez Menchon, Cesar"]
[Result "1/2-1/2"]
[WhiteElo "1969"]
[BlackElo "2244"]
[PlyCount "79"]
[EventDate "2019.06.22"]
[EventType "swiss"]
[EventRounds "9"]
[EventCountry "ESP"]
[SourceTitle "CBM 195 Extra"]
[Source "ChessBase"]
[SourceDate "2020.05.31"]
[SourceVersion "1"]
[SourceVersionDate "2020.05.31"]
[SourceQuality "1"]

1. e4 c6 2. d4 d5 3. e5 c5 4. dxc5 e6 5. a3 Qc7 6. Nf3 Bxc5 7. b4 Bb6 8. Bb2 Ne7 9. Bd3 Ng6 10. 0-0 Nc6 11. Re1 Bd7 12. Nbd2 a5 13. b5 Nce7 14. a4 Nf4 15. Nb3 Nxd3 16. cxd3 Rc8 17. Rc1 Qb8 18. Qd2 0-0 19. Ba3 Rfe8 20. Rxc8 Bxc8 21. Qg5 Ng6 22. h4 Bd8 23. Qg3 Be7 24. Bxe7 Nxe7 25. h5 Bd7 26. Qf4 h6 27. g4 Rc8 28. Nbd4 Rc3 29. g5 hxg5 30. Qxg5 Qf8 31. Qd2 Ra3 32. Qxa5 Rxd3 33. Kg2 Qc8 34. Qb4 Nf5 35. Nxf5 exf5 36. Qh4 Rc3 37. h6 Rc4 38. Nd4 gxh6 39. Rg1 Kh7 40. Qf6 1/2-1/2

[Event "San Sebastian de los Reyes op 20th"]
[Site "San Sebastian"]
[Date "2018.12.06"]
[Round "6"]
[White "Vaquerizo Calvo, Miguel Arturo"]
[Black "Anton Quevedo, Andrea"]
[Result "1-0"]
[WhiteElo "1944"]
[BlackElo "1876"]
[PlyCount "137"]
[EventDate "2018.12.01"]
[EventType "swiss"]
[EventRounds "9"]
[EventCountry "ESP"]
[SourceTitle "CBM 187 Extra"]
[Source "ChessBase"]
[SourceDate "2018.11.04"]
[SourceVersion "1"]
[SourceVersionDate "2018.11.04"]
[SourceQuality "1"]

1. e4 c5 2. Nf3 e6 3. d4 cxd4 4. Nxd4 Nc6 5. Nc3 Qc7 6. Qd3 Nf6 7. Ndb5 Qb8 8. Qg3 Qxg3 9. hxg3 Nb4 10. Bd3 Na6 11. Bf4 Bc5 12. Nd6+ Ke7 13. e5 Ng4 14. Nde4 Bd4 15. Rh5 h6 16. f3 Ne3 17. Ke2 Nd5 18. Nxd5+ exd5 19. Nc3 Nc7 20. e6 Nxe6 21. Nxd5+ Kd8 22. c3 g6 23. Rhh1 Bg7 24. Bd6 Re8 25. Kf2 b6 26. Ne3 Bb7 27. Ng4 h5 28. Ne5 Bxe5 29. Bxe5 Nc5 30. Bf6+ Kc7 31. Bc4 d5 32. Bb5 Re6 33. Bd4 a6 34. Bf1 Rae8 35. b4 Nd7 36. Bd3 Ne5 37. Bxe5+ Rxe5 38. Rhe1 Kd6 39. Rxe5 Rxe5 40. Rd1 b5 41. Bc2 Re7 42. Rd3 Bc6 43. Re3 Rxe3 44. Kxe3 Bd7 45. Kd4 Be8 46. Bd1 Bd7 47. Bb3 Bc6 48. g4 hxg4 49. fxg4 Bb7 50. a4 Bc6 51. axb5 axb5 52. g5 Bb7 53. Bd1 Bc6 54. Bg4 Bb7 55. Bh3 Bc6 56. Bc8 Ba8 57. Ba6 Bc6 58. g3 Bd7 59. Bb7 Be6 60. Ba8 f5 61. gxf6 Bf7 62. Bb7 Be6 63. Ba6 Bd7 64. f7 Ke7 65. f8Q+ Kxf8 66. Kxd5 Ke7 67. Kc5 Kf6 68. Bxb5 Bc8 69. Be2 1-0

[Event "San Sebastian de los Reyes op 20th"]
[Site "San Sebastian"]
[Date "2018.12.03"]
[Round "3"]
[White "Vaquerizo Calvo, Miguel Arturo"]
[Black "Criado Jimenez, Jose"]
[Result "1-0"]
[WhiteElo "1944"]
[BlackElo "1527"]
[PlyCount "79"]
[EventDate "2018.12.01"]
[EventType "swiss"]
[EventRounds "9"]
[EventCountry "ESP"]
[SourceTitle "CBM 187 Extra"]
[Source "ChessBase"]
[SourceDate "2018.11.04"]
[SourceVersion "1"]
[SourceVersionDate "2018.11.04"]
[SourceQuality "1"]

1. e4 c5 2. Nf3 d6 3. d4 cxd4 4. Nxd4 Nf6 5. Nc3 a6 6. Bc4 e6 7. Bb3 Qc7 8. 0-0 Nc6 9. Be3 Be7 10. f4 Na5 11. f5 Nxb3 12. axb3 e5 13. Nde2 Rb8 14. Bg5 Bd7 15. Bxf6 Bxf6 16. Nd5 Qd8 17. Nec3 0-0 18. Qd3 Bc6 19. Rad1 Bg5 20. f6 gxf6 21. Rf3 Kh8 22. Rdf1 Rg8 23. Nxf6 Rg6 24. Nfd5 Be8 25. Ne2 b5 26. b4 Rb7 27. Ng3 Rh6 28. Nf5 Rg6 29. Ra1 Ra7 30. Qd1 Kg8 31. Rfa3 Qa8 32. Qh5 Kh8 33. Rh3 h6 34. Nxd6 Rxd6 35. Qxg5 Qc6 36. Qxe5+ Kh7 37. Rc3 Rxd5 38. exd5 Qb6+ 39. Kh1 f6 40. Qxe8 1-0

[Event "Madrid Chamartin op 7th"]
[Site "Madrid"]
[Date "2018.09.03"]
[Round "1"]
[White "Vaquerizo Calvo, Miguel Arturo"]
[Black "Yaniz Lana, Francisco Javier"]
[Result "1-0"]
[WhiteElo "1946"]
[BlackElo "1525"]
[PlyCount "49"]
[EventDate "2018.09.03"]
[EventType "swiss"]
[EventRounds "9"]
[EventCountry "ESP"]
[SourceTitle "CBM 187 Extra"]
[Source "ChessBase"]
[SourceDate "2018.11.04"]
[SourceVersion "1"]
[SourceVersionDate "2018.11.04"]
[SourceQuality "1"]

1. e4 c6 2. d4 d5 3. e5 Bf5 4. Ne2 e6 5. Ng3 Bg6 6. h4 h6 7. h5 Bh7 8. Bd3 Bxd3 9. cxd3 Be7 10. Qg4 Bg5 11. f4 f5 12. exf6 Bxf6 13. Qxe6+ Ne7 14. Nf5 Qd7 15. Nd6+ Kd8 16. Nf7+ Kc7 17. Qxd7+ Nxd7 18. Nxh8 Rxh8 19. Be3 Nf5 20. Bf2 Nxd4 21. Kd2 Ne6 22. Nc3 Nxf4 23. Bg3 Bg5 24. Ne2 Rf8 25. Raf1 1-0

[Event "Tres Cantos op 10th"]
[Site "Tres Cantos"]
[Date "2018.06.24"]
[Round "4.8"]
[White "Vaquerizo Calvo, Miguel Arturo"]
[Black "Fernandez Aransay, Fernando"]
[Result "0-1"]
[WhiteElo "2014"]
[BlackElo "1887"]
[PlyCount "68"]
[EventDate "2018.06.21"]
[EventType "swiss"]
[EventRounds "9"]
[EventCountry "ESP"]
[SourceTitle "EXT 2024"]
[Source "ChessBase"]
[SourceDate "2023.10.10"]
[SourceVersion "1"]
[SourceVersionDate "2023.10.10"]
[SourceQuality "1"]

1. e4 c5 2. Nc3 d6 3. Nf3 Nf6 4. d4 cxd4 5. Nxd4 g6 6. Be3 Bg7 7. Be2 0-0 8. Qd2 Nc6 9. 0-0-0 d5 10. exd5 Nxd5 11. Nxc6 bxc6 12. Nxd5 cxd5 13. Qxd5 Qc7 14. Qxa8 Bf5 15. Qxf8+ Kxf8 16. Rd2 h5 17. Rhd1 Kg8 18. Bf3 Kh7 19. Bd5 Qb8 20. Bb3 a5 21. a4 Be6 22. Rd3 Bf5 23. Rd5 Qxh2 24. Rxa5 Qxg2 25. Rb5 Bg4 26. Rg5 e6 27. Re1 Bh6 28. Re5 Qxf2 29. Bxh6 Kxh6 30. a5 Bf3 31. Bc4 Qd4 32. Bd3 Qa4 33. Kb1 Bd5 34. b3 Qxa5 0-1

[Event "Tres Cantos op 10th"]
[Site "Tres Cantos"]
[Date "2018.06.22"]
[Round "2.28"]
[White "Montoya Gandia, Manuel"]
[Black "Vaquerizo Calvo, Miguel Arturo"]
[Result "0-1"]
[WhiteElo "1639"]
[BlackElo "2014"]
[PlyCount "36"]
[EventDate "2018.06.21"]
[EventType "swiss"]
[EventRounds "9"]
[EventCountry "ESP"]
[SourceTitle "EXT 2024"]
[Source "ChessBase"]
[SourceDate "2023.10.10"]
[SourceVersion "1"]
[SourceVersionDate "2023.10.10"]
[SourceQuality "1"]

1. d4 Nf6 2. Nf3 c5 3. d5 e6 4. c4 exd5 5. cxd5 d6 6. Nc3 g6 7. h3 Bg7 8. e4 a6 9. a4 Nbd7 10. Bd3 Nh5 11. Bg5 Bf6 12. Bd2 Ne5 13. Nxe5 Bxe5 14. 0-0 Qh4 15. Be2 Bxh3 16. Bxh5 Bg4 17. g3 Qxh5 18. Qc1 Bf3 0-1

[Event "Madrid San Viator op-A 30th"]
[Site "Madrid"]
[Date "2018.05.20"]
[Round "6"]
[White "Martinez Fernandez, Raul"]
[Black "Vaquerizo Calvo, Miguel Arturo"]
[Result "1/2-1/2"]
[WhiteElo "2176"]
[BlackElo "2035"]
[PlyCount "133"]
[EventDate "2018.04.08"]
[EventType "swiss"]
[EventRounds "9"]
[EventCountry "ESP"]
[SourceTitle "EXT 2019"]
[Source "ChessBase"]
[SourceDate "2018.10.10"]
[SourceVersion "1"]
[SourceVersionDate "2018.10.10"]
[SourceQuality "1"]

1. e4 c5 2. Nf3 Nc6 3. Bb5 Nf6 4. e5 Nd5 5. 0-0 Nc7 6. Bxc6 dxc6 7. d3 Bg4 8. h3 Bh5 9. Nbd2 e6 10. Ne4 Be7 11. Be3 b6 12. Ng3 Bg6 13. Qe2 Nb5 14. Rad1 Nd4 15. Nxd4 cxd4 16. Bc1 0-0 17. f4 Qd7 18. Qg4 Rfd8 19. h4 Bf5 20. Nxf5 exf5 21. Qh3 c5 22. h5 Rac8 23. b3 b5 24. Bb2 Qc6 25. Kh2 g6 26. Rg1 gxh5 27. Qxh5 Qg6 28. Qh3 h5 29. Rgf1 Qg4 30. Rf3 Bh4 31. Rh1 Rc6 32. Kg1 Rg6 33. Rh2 Bg3 34. Rxg3 Qxg3 35. Qxg3 Rxg3 36. Rxh5 Kf8 37. Kf2 Rg4 38. Rxf5 Ke7 39. g3 Rdg8 40. e6 fxe6 41. Rxc5 Rxg3 42. Bxd4 Rg2+ 43. Kf1 Kd7 44. Bf2 a6 45. f5 exf5 46. Rxf5 R2g6 47. Ke1 Re8+ 48. Kd1 Rg2 49. Bd4 Ree2 50. Rc5 Re6 51. Kc1 Rc6 52. Kb2 Rxc5 53. Bxc5 Kc6 54. b4 Kd5 55. Kb3 Rg3 56. Bb6 Rh3 57. a4 Rg3 58. axb5 axb5 59. Bd8 Rh3 60. Kc3 Rh2 61. Bc7 Rf2 62. Kb2 Rf7 63. Bb6 Rf6 64. Bc5 Rf3 65. Kc1 Rh3 66. Kd2 Rh2+ 67. Kc3 1/2-1/2

[Event "Madrid San Viator op-A 30th"]
[Site "Madrid"]
[Date "2018.05.06"]
[Round "4"]
[White "Lobato Rivero, Carlos"]
[Black "Vaquerizo Calvo, Miguel Arturo"]
[Result "0-1"]
[WhiteElo "1968"]
[BlackElo "2035"]
[PlyCount "66"]
[EventDate "2018.04.08"]
[EventType "swiss"]
[EventRounds "9"]
[EventCountry "ESP"]
[SourceTitle "EXT 2019"]
[Source "ChessBase"]
[SourceDate "2018.10.10"]
[SourceVersion "1"]
[SourceVersionDate "2018.10.10"]
[SourceQuality "1"]

1. d4 Nf6 2. c4 g6 3. Nc3 Bg7 4. e4 d6 5. h3 0-0 6. Be3 e5 7. d5 Na6 8. Bd3 Nc5 9. Bc2 a5 10. Nge2 Nfd7 11. g4 Nb6 12. b3 a4 13. b4 Na6 14. Bxb6 cxb6 15. b5 Nc5 16. Nxa4 Nxa4 17. Bxa4 f5 18. gxf5 gxf5 19. Bc2 Qc7 20. Bb3 fxe4 21. Ng3 e3 22. fxe3 Qc5 23. Qe2 e4 24. Nxe4 Qb4+ 25. Qd2 Qxb3 26. axb3 Rxa1+ 27. Ke2 Rxh1 28. Qb4 Rh2+ 29. Kd3 Bf5 30. Qxd6 Rb2 31. Qxb6 Re8 32. c5 Bxe4+ 33. Kc4 Rc2+ 0-1

[Event "Madrid Tajamar Easter op-A"]
[Site "Madrid"]
[Date "2018.03.26"]
[Round "6"]
[White "Vallejo Nuno, Jorge"]
[Black "Vaquerizo Calvo, Miguel Arturo"]
[Result "0-1"]
[WhiteElo "2115"]
[BlackElo "2015"]
[PlyCount "96"]
[EventDate "2018.03.22"]
[EventType "swiss"]
[EventRounds "7"]
[EventCountry "ESP"]
[SourceTitle "EXT 2019"]
[Source "ChessBase"]
[SourceDate "2018.10.10"]
[SourceVersion "1"]
[SourceVersionDate "2018.10.10"]
[SourceQuality "1"]

1. d4 d5 2. Bf4 Nc6 3. e3 Bf5 4. c4 e6 5. a3 Bd6 6. Bxd6 Qxd6 7. c5 Qd8 8. b4 Nf6 9. b5 Ne7 10. Nf3 Bg4 11. h3 Bh5 12. g4 Bg6 13. Ne5 Be4 14. f3 Bxb1 15. Rxb1 Ng6 16. Qc2 0-0 17. Bd3 Nxe5 18. dxe5 Nd7 19. f4 Qh4+ 20. Ke2 b6 21. c6 Nc5 22. g5 Rfd8 23. Rbg1 a6 24. Rg4 Qh5 25. bxa6 Nxa6 26. Qc3 Nc5 27. Bc2 Ne4 28. Bxe4 dxe4 29. Qb4 Rd3 30. Qxe4 Raxa3 31. Qxd3 Rxd3 32. Kxd3 Kf8 33. e4 h6 34. Kc3 hxg5 35. Rxg5 Qh4 36. Rg4 Qe7 37. Rc1 Qa3+ 38. Kd2 Qb2+ 39. Rc2 Qd4+ 40. Kc1 Qe3+ 41. Kb2 Qxh3 42. Rgg2 Qe3 43. Rgd2 Qxf4 44. Rd8+ Ke7 45. Rd7+ Ke8 46. Rcd2 Qxe5+ 47. Ka2 Qa5+ 48. Kb1 Qb5+ 0-1

[Event "Madrid Tajamar Easter op-A"]
[Site "Madrid"]
[Date "2018.03.23"]
[Round "2"]
[White "Vaquerizo Calvo, Miguel Arturo"]
[Black "De Vicente Guijarro, Juan"]
[Result "1-0"]
[WhiteElo "2015"]
[BlackElo "1867"]
[PlyCount "77"]
[EventDate "2018.03.22"]
[EventType "swiss"]
[EventRounds "7"]
[EventCountry "ESP"]
[SourceTitle "EXT 2019"]
[Source "ChessBase"]
[SourceDate "2018.10.10"]
[SourceVersion "1"]
[SourceVersionDate "2018.10.10"]
[SourceQuality "1"]

1. e4 c5 2. Nc3 Nc6 3. Bb5 d6 4. Bxc6+ bxc6 5. f4 Nf6 6. Nf3 e6 7. d3 d5 8. e5 Ng8 9. 0-0 Nh6 10. b3 Ba6 11. Qe2 Be7 12. Na4 0-0 13. c4 Re8 14. Ba3 Nf5 15. Qf2 Nd4 16. Bxc5 Nxf3+ 17. Qxf3 dxc4 18. dxc4 Qa5 19. Bxe7 Rxe7 20. Qc3 Qxc3 21. Nxc3 c5 22. Rad1 Kf8 23. Rd6 Bb7 24. Rfd1 Ke8 25. Kf2 Rc7 26. Nb5 Re7 27. R6d2 Bc6 28. Nd6+ Kf8 29. Ke3 Rd8 30. Ne4 Rxd2 31. Rxd2 Bxe4 32. Rd8+ Re8 33. Rxe8+ Kxe8 34. Kxe4 a5 35. g4 Ke7 36. h4 Kd7 37. Kd3 Kc6 38. Kc3 a4 39. b4 1-0

[Event "Collado Villalba op-A 34th"]
[Site "Collado Villalba"]
[Date "2017.08.23"]
[Round "2"]
[White "Vaquerizo Calvo, Miguel Arturo"]
[Black "Longa Yauca, Javier"]
[Result "0-1"]
[WhiteElo "1910"]
[BlackElo "2261"]
[PlyCount "114"]
[EventDate "2017.08.22"]
[EventType "swiss"]
[EventRounds "9"]
[EventCountry "ESP"]
[SourceTitle "CBM 180 Extra"]
[Source "ChessBase"]
[SourceDate "2017.10.06"]
[SourceVersion "1"]
[SourceVersionDate "2017.10.06"]
[SourceQuality "1"]

1. e4 Nf6 2. Nc3 e5 3. Nf3 d6 4. d4 Nbd7 5. Bc4 Be7 6. 0-0 0-0 7. a4 c6 8. a5 Qc7 9. h3 h6 10. Ba2 Re8 11. Be3 Bf8 12. Re1 b5 13. axb6 Nxb6 14. dxe5 dxe5 15. Bxb6 Qxb6 16. Na4 Qc7 17. Qe2 a5 18. Qe3 Rb8 19. Nd2 Rb4 20. Nc5 Rd8 21. Nd3 Rbd4 22. Bc4 c5 23. c3 Rxd3 24. Bxd3 Qd6 25. Nc4 Qxd3 26. Qxd3 Rxd3 27. Nxe5 Rd8 28. Rxa5 Be6 29. Ra4 g5 30. b4 cxb4 31. cxb4 Rd4 32. f3 Nh5 33. Ra8 Rxb4 34. Nc6 Rb2 35. Ne7+ Kg7 36. Nf5+ Bxf5 37. exf5 Bc5+ 38. Kh1 Nf4 39. Rc8 Bf2 40. Rf1 Bg3 41. Re8 h5 42. Re4 h4 43. f6+ Kg6 44. Rxf4 Bxf4 45. Kg1 Kxf6 46. Kh1 Rc2 47. Kg1 Kf5 48. Kh1 Rc1 49. Rxc1 Bxc1 50. Kg1 Kf4 51. Kh2 f5 52. Kg1 Kg3 53. Kh1 Be3 54. f4 Bxf4 55. Kg1 Be3+ 56. Kh1 g4 57. hxg4 h3 0-1

[Event "Collado Villalba op-A 34th"]
[Site "Collado Villalba"]
[Date "2017.08.22"]
[Round "1"]
[White "Semprun Martinez, Fernando M"]
[Black "Vaquerizo Calvo, Miguel Arturo"]
[Result "0-1"]
[WhiteElo "2193"]
[BlackElo "1910"]
[PlyCount "91"]
[EventDate "2017.08.22"]
[EventType "swiss"]
[EventRounds "9"]
[EventCountry "ESP"]
[SourceTitle "CBM 180 Extra"]
[Source "ChessBase"]
[SourceDate "2017.10.06"]
[SourceVersion "1"]
[SourceVersionDate "2017.10.06"]
[SourceQuality "1"]

1. e4 c5 2. Nf3 d6 3. d4 cxd4 4. Nxd4 Nf6 5. Nc3 g6 6. Be3 Bg7 7. f3 0-0 8. Qd2 Nc6 9. Bc4 Bd7 10. 0-0-0 Rc8 11. Bb3 Ne5 12. Kb1 Nc4 13. Bxc4 Rxc4 14. g4 b5 15. h4 b4 16. Nce2 e5 17. Nb3 Qc7 18. Qxd6 Rxc2 19. Qxc7 Rxc7 20. Bc5 Bb5 21. Bxf8 Bxe2 22. Bxb4 Nd7 23. Nd2 Bf8 24. Bxf8 Nxf8 25. Rhe1 Bxd1 26. Rxd1 Ne6 27. Nf1 Nd4 28. f4 Nf3 29. f5 Kg7 30. Ne3 Nxh4 31. Rh1 Nf3 32. f6+ Kf8 33. Rd1 Ke8 34. b3 Rc6 35. Nd5 Ng5 36. Re1 Kd7 37. Kb2 Ke6 38. Nc3 Kxf6 39. b4 Ke6 40. b5 Rc4 41. Kb3 Rd4 42. a4 Kd7 43. Rf1 Kc7 44. Rf6 Nxe4 45. Nxe4 Rxe4 46. a5 0-1

[Event "Tres Cantos op 9th"]
[Site "Tres Cantos"]
[Date "2017.06.28"]
[Round "7"]
[White "Marcos Herrero, Francisco"]
[Black "Vaquerizo Calvo, Miguel Arturo"]
[Result "1-0"]
[WhiteElo "1920"]
[BlackElo "1847"]
[PlyCount "91"]
[EventDate "2017.06.22"]
[EventType "swiss"]
[EventRounds "9"]
[EventCountry "ESP"]
[SourceTitle "EXT 2019"]
[Source "ChessBase"]
[SourceDate "2018.10.10"]
[SourceVersion "1"]
[SourceVersionDate "2018.10.10"]
[SourceQuality "1"]

1. Nf3 Nf6 2. c4 g6 3. b4 Bg7 4. Bb2 0-0 5. g3 d6 6. Bg2 e5 7. d3 a5 8. b5 Nbd7 9. 0-0 Nh5 10. Nc3 f5 11. Qc2 Ra7 12. Rac1 b6 13. Rcd1 g5 14. Nd5 Bb7 15. e4 g4 16. Nd2 f4 17. Rfe1 f3 18. Bf1 Bxd5 19. exd5 Qg5 20. d4 Nhf6 21. Bd3 Qh5 22. dxe5 dxe5 23. Bf1 Ne8 24. Ne4 Nd6 25. Ba3 Qg6 26. Bd3 Qh6 27. c5 bxc5 28. Bxc5 Raa8 29. Be3 Qh3 30. Bf1 Qh5 31. Qxc7 Nxe4 32. Qxd7 Nc3 33. Rd2 Rad8 34. Qc6 Ne4 35. Rc2 Rd6 36. Qc4 Nf6 37. b6 Nd7 38. b7 Bh6 39. Qc7 Qg6 40. Rc6 Rxc6 41. dxc6 Nb8 42. Bc4+ Kh8 43. Qxb8 Rxb8 44. c7 Qe8 45. Ba6 Ra8 46. c8Q 1-0

[Event "Tres Cantos op 9th"]
[Site "Tres Cantos"]
[Date "2017.06.23"]
[Round "2"]
[White "Vaquerizo Calvo, Miguel Arturo"]
[Black "Lozano Suarez, Luis Miguel"]
[Result "1/2-1/2"]
[WhiteElo "1847"]
[BlackElo "2100"]
[PlyCount "77"]
[EventDate "2017.06.22"]
[EventType "swiss"]
[EventRounds "9"]
[EventCountry "ESP"]
[SourceTitle "EXT 2019"]
[Source "ChessBase"]
[SourceDate "2018.10.10"]
[SourceVersion "1"]
[SourceVersionDate "2018.10.10"]
[SourceQuality "1"]

1. e4 e5 2. f4 exf4 3. Nf3 d6 4. d4 g5 5. g3 g4 6. Nh4 f3 7. Nc3 Bg7 8. Be3 Ne7 9. Qd2 Nbc6 10. 0-0-0 d5 11. h3 h5 12. hxg4 hxg4 13. Bb5 Be6 14. exd5 Bxd5 15. Bg5 f6 16. Rhe1 Kf7 17. Be3 a6 18. Bd3 Nb4 19. Kb1 Nxd3 20. Qxd3 Qd7 21. Nxd5 Qxd5 22. c4 Qd7 23. d5 Rxh4 24. Bc5 Ng6 25. gxh4 Ne5 26. Rxe5 fxe5 27. h5 Rh8 28. Qg6+ Kg8 29. Rg1 Rh6 30. Qg5 Rf6 31. Rxg4 Kh8 32. h6 Rxh6 33. Bf8 Rh1+ 34. Kc2 Rh7 35. Bxg7+ Rxg7 36. Qh5+ Kg8 37. Rxg7+ Qxg7 38. Qxf3 Qg6+ 39. Kd2 1/2-1/2

[Event "Madrid San Viator op-A 28th"]
[Site "Madrid"]
[Date "2017.06.04"]
[Round "9"]
[White "Sainz Pino, Fernando"]
[Black "Vaquerizo Calvo, Miguel Arturo"]
[Result "0-1"]
[WhiteElo "1895"]
[BlackElo "1830"]
[PlyCount "64"]
[EventDate "2017.03.26"]
[EventType "swiss"]
[EventRounds "9"]
[EventCountry "ESP"]
[SourceTitle "EXT 2018"]
[Source "ChessBase"]
[SourceDate "2017.10.13"]
[SourceVersion "1"]
[SourceVersionDate "2017.10.13"]
[SourceQuality "1"]

1. e4 c5 2. Nf3 d6 3. d4 cxd4 4. Nxd4 Nf6 5. Nc3 g6 6. f3 Bg7 7. Be3 0-0 8. Qd2 Nc6 9. 0-0-0 d5 10. exd5 Nxd5 11. Nxd5 Qxd5 12. c4 Qd6 13. Nb5 Qb8 14. Bf4 e5 15. Bh6 a6 16. Nc3 Be6 17. Bxg7 Kxg7 18. Qe3 b5 19. c5 Rd8 20. Rxd8 Qxd8 21. Be2 Qd4 22. Qxd4 exd4 23. Ne4 Bxa2 24. Kd2 Bc4 25. Bxc4 bxc4 26. Rc1 Na5 27. Ke2 Rb8 28. Nd2 Rxb2 29. c6 Rb6 30. Nxc4 Rxc6 31. Kd3 Kf6 32. Kxd4 Rxc4+ 0-1